Репродуктивна біологія видів і гібридів родини Вербових (Salicaceae Mirb.) Автореф. дис. ... д-ра. біол. наук : 03.00.05
Na minha lista:
| Autor Corporativo: | |
|---|---|
| Outros Autores: | |
| Formato: | ConferenceProceeding Livro |
| Idioma: | ucraniano |
| Publicado em: |
К.,
2002
|
| Assuntos: | |
| Tags: |
Adicionar Tag
Sem tags, seja o primeiro a adicionar uma tag!
|
MARC
| LEADER | 00000nam a2200000 i 4500 | ||
|---|---|---|---|
| 001 | in00000000219 | ||
| 005 | 20251126061305.8 | ||
| 002 | 30691-А | ||
| 008 | 020415s2002 unr l000 0yukr d | ||
| 035 | |a ( UA-KiNSAL)30691-А | ||
| 040 | |a UA-KiNSAL |b ukr |c UA-KiNSAL | ||
| 080 | |a 582.681.81:581.16 | ||
| 090 | |a 582.681.81:581.16 | ||
| 100 | 1 | |a Барна, М.М. |q (Микола Миколайович), |e автор. | |
| 245 | 1 | 0 | |a Репродуктивна біологія видів і гібридів родини Вербових (Salicaceae Mirb.) : |b Автореф. дис. ... д-ра. біол. наук : 03.00.05 / |c М.М. Барна; Ін-т ботаніки ім. М.Г.Холодного НАН України |
| 260 | |a К., |c 2002 | ||
| 300 | |a 40с. | ||
| 504 | |a Бібліогр.: с. 31-37. | ||
| 530 | |a Original record |u https://kubg.libs.net.ua/kubg_recs/0000002106.txt | ||
| 650 | 0 | 4 | |a Вербові |x Біологія |
| 711 | 2 | 1 | |a Ін-т ботаніки ім. М.Г. Холодного НАН України |
| 942 | |2 UDC |c BK | ||
| 952 | |a XP |b книга |d ХР |z 20020415 |i 30691-А |j 30691-А |o 582.681.81:581.16 |a 1996/25 |c 1 | ||
| 920 | |a PAZK | ||
| 961 | |a 691 | ||
| 991 | 0 | 0 | |a 30691-А |
| 997 | |a 0000002106 | ||
| 998 | |a 2106 | ||
| 999 | f | f | |i 26f4bfbe-faeb-44e7-9b60-7547185aa668 |s f2a72fbc-9337-40e0-bb3d-9e56b9dd5a08 |t 0 |
| 952 | f | f | |p Може видаватися |a Національна наукова сільськогосподарська бібліотека |b Центральна будівля |c ННСБ всі підрозділи |d Відділ зберігання |t 0 |e 30691-А |i книга |n 1 |